00714cam a2200217 a 450000100060000000300080000600500170001400800390003103500180007004000270008804100080011508200300012311000160015324501330016925000120030226000520031430000200036650000200038665000390040670000510044510323BD-RjUL20211208234933.0230114s1965 bg l 001 0 eng  aBD RJUL 10371 aDLCcDLCdBD RJULbeng aeng00a347.5492052221bLIM 19651 aBangladesh.14aThe Limitation Act, 1908 (Act No. IX of 1908) :bwith commentaries and up-to date legal decisions /cby Khondaker Md. Abu Bakar. a1st ed. aHAHORE :bALL PAKISTAN LEGAL DECICIONS ,c1965. a40 p. ;c24 cm. aIncludes index. 0aLimitation of actionszBangladesh.2 aĀbu Bakara, Khandakāra Muhāmmada,d1941-